| 000 | 00815cab a2200241 4500 | ||
|---|---|---|---|
| 001 | WB3506-45 | ||
| 008 | 090401t1999 xxu||||| |||| 00| 0 eng d | ||
| 035 | _a(Sirsi) u91252 | ||
| 041 | _aeng | ||
| 245 | _aGo public, planners are urged | ||
| 260 | _c1999 | ||
| 350 | _a0 | ||
| 490 |
_aWestern Mail _v10 February 1999, 2:20(1) |
||
| 520 | _aThe RICS in Wales is urging government to involve the general public in discussions on sustainable development. They fear that without a proper education campaign, the public will be excluded from decisions they will have to live with. | ||
| 650 | _aCONSULTATION | ||
| 650 | _aPLANNING ISSUES | ||
| 650 | _aPUBLIC | ||
| 650 | _aRICS IN WALES | ||
| 650 | _aSUSTAINABLE DEVELOPMENT | ||
| 690 | _aPLANNING LAW AND PRACTICE | ||
| 942 | _n0 | ||
| 948 | _c11/02/1999 | ||
| 999 |
_c57906 _d57906 |
||